<?xml version="1.0" encoding="UTF-8"?>
<record
    xmlns:xsi="http://www.w3.org/2001/XMLSchema-instance"
    xsi:schemaLocation="http://www.loc.gov/MARC21/slim http://www.loc.gov/standards/marcxml/schema/MARC21slim.xsd"
    xmlns="http://www.loc.gov/MARC21/slim">

  <leader>00472    a2200145   4500</leader>
  <controlfield tag="005">20250429104431.0</controlfield>
  <datafield tag="020" ind1=" " ind2=" ">
    <subfield code="a">978 1 84720 926 9</subfield>
  </datafield>
  <datafield tag="082" ind1=" " ind2=" ">
    <subfield code="a">658.049 WEL</subfield>
  </datafield>
  <datafield tag="100" ind1=" " ind2=" ">
    <subfield code="a">WELCH, L. S.</subfield>
  </datafield>
  <datafield tag="245" ind1=" " ind2=" ">
    <subfield code="a">Foreign Operation Methods: Theory, Analysis &amp; Strategy.</subfield>
  </datafield>
  <datafield tag="260" ind1=" " ind2=" ">
    <subfield code="a">Cheltenham,</subfield>
    <subfield code="b">Edward  Elgal publishing Limited,</subfield>
    <subfield code="c">2007.</subfield>
  </datafield>
  <datafield tag="300" ind1=" " ind2=" ">
    <subfield code="a">vii, 462p.:Ill.; figures</subfield>
    <subfield code="b">Bibliographical References  &amp; Index</subfield>
    <subfield code="c">23cm.</subfield>
  </datafield>
  <datafield tag="700" ind1=" " ind2=" ">
    <subfield code="a">BENITO, G.R.G.  &amp; PETERSEN, B.</subfield>
  </datafield>
  <datafield tag="942" ind1=" " ind2=" ">
    <subfield code="2">ddc</subfield>
    <subfield code="c">BKS</subfield>
  </datafield>
  <datafield tag="999" ind1=" " ind2=" ">
    <subfield code="c">1764</subfield>
    <subfield code="d">1764</subfield>
  </datafield>
  <datafield tag="952" ind1=" " ind2=" ">
    <subfield code="r">2025-04-29 10:50:36</subfield>
    <subfield code="l">0</subfield>
    <subfield code="o">658.049 WEL</subfield>
    <subfield code="p">0000006827</subfield>
    <subfield code="v">63000.00</subfield>
    <subfield code="w">2025-04-29</subfield>
    <subfield code="y">BKS</subfield>
    <subfield code="1">0</subfield>
    <subfield code="2">ddc</subfield>
    <subfield code="4">0</subfield>
    <subfield code="7">0</subfield>
    <subfield code="0">0</subfield>
    <subfield code="a">CBEML</subfield>
    <subfield code="b">CBEML</subfield>
    <subfield code="c">GEN</subfield>
    <subfield code="d">2016-07-08</subfield>
    <subfield code="g">21000.00</subfield>
  </datafield>
  <datafield tag="952" ind1=" " ind2=" ">
    <subfield code="r">2025-04-29 10:50:36</subfield>
    <subfield code="l">0</subfield>
    <subfield code="o">658.049 WEL</subfield>
    <subfield code="p">0000006828</subfield>
    <subfield code="v">63000.00</subfield>
    <subfield code="w">2025-04-29</subfield>
    <subfield code="y">BKS</subfield>
    <subfield code="1">0</subfield>
    <subfield code="2">ddc</subfield>
    <subfield code="4">0</subfield>
    <subfield code="7">0</subfield>
    <subfield code="0">0</subfield>
    <subfield code="a">CBEML</subfield>
    <subfield code="b">CBEML</subfield>
    <subfield code="c">GEN</subfield>
    <subfield code="d">2016-07-08</subfield>
    <subfield code="g">21000.00</subfield>
  </datafield>
  <datafield tag="952" ind1=" " ind2=" ">
    <subfield code="r">2025-04-29 10:50:36</subfield>
    <subfield code="l">0</subfield>
    <subfield code="o">658.049 WEL</subfield>
    <subfield code="p">0000006829</subfield>
    <subfield code="v">63000.00</subfield>
    <subfield code="w">2025-04-29</subfield>
    <subfield code="y">BKS</subfield>
    <subfield code="1">0</subfield>
    <subfield code="2">ddc</subfield>
    <subfield code="4">0</subfield>
    <subfield code="7">0</subfield>
    <subfield code="0">0</subfield>
    <subfield code="a">CBEML</subfield>
    <subfield code="b">CBEML</subfield>
    <subfield code="c">GEN</subfield>
    <subfield code="d">2016-07-08</subfield>
    <subfield code="g">21000.00</subfield>
  </datafield>
</record>
